| 000 | 01113cam a2200205 4500 | ||
|---|---|---|---|
| 001 | WB@3612-261 | ||
| 008 | 041116n2004 000 0 eng u | ||
| 035 | _a(Sirsi) u128004 | ||
| 245 | _aWeak exports | ||
| 260 | _c2004 | ||
| 490 |
_aCBI News Release _v12 November 2004 (3) |
||
| 520 | _aThe results of the CBI/Experian "Regional trends survey", taken from the "Quarterly industrial trends survey" shows that manufacturers saw output growth subdued across the UK in the three months to October 2004 as exports were hit by weak international demand. The three regions that were hardest hit were Northern Ireland, West Midlands and the northeast of England. Business optimism also fell in most regions as did export orders. However employment is showing tentative signs of improvement after three poor years. http://www.cbi.org.uk/ndbs/press.nsf/0363c1f07c6ca 12a8025671c00381cc7/128867be2da7300e80256f46005b8d 8a?OpenDocument | ||
| 590 | _aWB | ||
| 590 | _aWB | ||
| 650 | _aEXPORT ORDERS | ||
| 650 | _aINDUSTRIAL TRENDS | ||
| 650 | _aMANUFACTURING OUTPUT | ||
| 690 | _aECONOMIC ISSUES | ||
| 942 | _n0 | ||
| 999 |
_c118314 _d118314 |
||